№ 5; Научные и технические библиотеки

書目詳細資料
Parent link:Научные и технические библиотеки: ежемесячный сборник по вопросам теории и практики библиотечного дела/ Государственная публичная научно-техническая библиотека России. № 5.— , 1994-.— 0130-9765
語言:俄语
出版: 1994
格式: MixedMaterials 圖書
KOHA link:https://koha.lib.tpu.ru/cgi-bin/koha/opac-detail.pl?biblionumber=395662

MARC

LEADER 00000nam2a2200000 4500
001 395662
005 20231101064649.0
035 |a (RuTPU)RU\TPU\prd\33239 
035 |a RU\TPU\prd\26920 
090 |a 395662 
100 |a 20050228a19949999k y0rusy50 ca 
101 0 |a rus 
102 |a RU 
200 0 |a № 5 
210 |d 1994 
461 1 |0 (RuTPU)RU\TPU\prd\1594  |x 0130-9765  |t Научные и технические библиотеки  |o ежемесячный сборник по вопросам теории и практики библиотечного дела  |f Государственная публичная научно-техническая библиотека России  |v № 5  |d 1994- 
801 0 |a RU  |b 63413507  |c 20010227  |g PSBO 
801 1 |a RU  |b 63413507  |c 20040818  |g PSBO 
801 2 |a RU  |b 63413507  |c 20060914  |g PSBO 
942 |c BK 
999 |a НТБ_ТПУ  |b НФ  |e -1/20040113  |p П-6641  |u 0,00  |v 1  |y 13821000218132